| 000 | 00795cab a2200229 4500 | ||
|---|---|---|---|
| 001 | ABS60687 | ||
| 008 | 090401t1999 xxu||||| |||| 00| 0 eng d | ||
| 035 | _a(Sirsi) u93715 | ||
| 041 | _aeng | ||
| 100 | _aRose, N. | ||
| 245 | _aConveyancing rules, OK | ||
| 260 | _c1999 | ||
| 350 | _a0 | ||
| 490 |
_aLaw Society`s Gazette _v96(19) 12 May 1999, 20-23(4) |
||
| 520 | _aTraces the history of bids to define the range of solicitors' duties to lenders under joint representation. Explains the creation of standard mortgage instructions (SMI) which set out the contractual relationship between conveyancer and lender. | ||
| 650 | _aCONVEYANCING | ||
| 650 | _aSMI | ||
| 650 | _aSTANDARD MORTGAGE INSTRUCTIONS | ||
| 690 | _aPROPERTY LAW AND PRACTICE | ||
| 942 | _n0 | ||
| 948 | _c02/06/1999 | ||
| 999 |
_c59406 _d59406 |
||